000 00322nam a2200121Ia 4500
008 220901s9999||||xx |||||||||||||| ||und||
082 _a629.892 MEH
100 _aMehrotra, Puneet
245 0 _aJournal of advancements in robotics
250 _aVol. 6 Issue No. 1 & 2
260 _bSTM Journals
_c2019
650 _aRobotics
999 _c193850
_d193850